Советская авиационная техника: фотоочерк

Dades bibliogràfiques
Altres autors: Арлазоров М. С. (составитель)
Idioma:rus
Publicat: Москва, Машиностроение, 1970
Matèries:
Format: Llibre
KOHA link:https://koha.lib.tpu.ru/cgi-bin/koha/opac-detail.pl?biblionumber=193496

MARC

LEADER 00000nam0a2200000 4500
001 193496
005 20231031181950.0
035 |a (RuTPU)RU\TPU\book\211030 
090 |a 193496 
100 |a 20110323d1970 m y0rusy50 ca 
101 0 |a rus 
102 |a RU 
105 |a ab z 000zy 
200 1 |a Советская авиационная техника  |e фотоочерк  |f сост. М. С. Арлазоров 
210 |a Москва  |c Машиностроение  |d 1970 
215 |a 175 с.  |c ил., карты 
610 1 |a авиация 
610 1 |a СССР 
610 1 |a авиационная техника 
610 1 |a фотоальбомы 
610 1 |a летательные аппараты 
610 1 |a оборудование 
610 1 |a двигатели 
675 |a 629.13(084)  |v 3 
702 1 |a Арлазоров  |b М. С.  |4 220 
801 1 |a RU  |b 63413507  |c 20110323 
801 2 |a RU  |b 63413507  |c 20110414  |g RCR 
942 |c BK